000 00240nam a22000977a 4500
008 170126b xxu||||| |||| 00| 0 eng d
041 _aeng
080 _a61
245 _aARUP'S GUIDE TO SLINICAL LABORATORY TESTING
_cWEISS R.L
942 _2udc
_cBK
999 _c3729
_d3729